LEADER 01603nam a22003257a 4500
001 44482
003 BD-DhAAL
005 20250722145529.0
008 250722r20001997bg ||||| |||| 00| f ben d
020 |a 9844950112 
020 |a 9789844950115 
040 |a BD-DhAAL  |c BD-DhAAL 
041 |a ben 
082 |a 891.44371  |2 23 
100 |a আহমেদ, হুমায়ূন,  |d ১৯৪৮-২০১২,  |e author. 
245 |a রুমালী /  |c হুমায়ূন আহমেদ. 
260 |a ঢাকা :  |b পার্ল পাবলিকেশন্স,  |c ১৯৯৭  |g (২০০০ মুদ্রণ) 
300 |a ২৭৯ পৃষ্ঠা ;  |c ২২ সে.মি. 
500 |a ষষ্ঠ মুদ্রণ 
541 |a Donated by Farhana Zahir, Assistant Professor, BRAC Business School  |e 44482 
650 |a Motion picture producers and directors  |z Bangladesh  |v Fiction.  |9 58807 
650 |a Motion pictures  |x Production and direction  |z Bangladesh  |v Fiction.  |9 58808 
650 |a Triangles (Interpersonal relations)  |v Fiction. 
650 |a Man-woman relationships  |v Fiction. 
650 |a Bengali fiction. 
650 |a Bengali literature. 
852 |a Ayesha Abed Library  |c General Stacks 
942 |2 ddc  |c BK 
999 |c 47337  |d 47337 
952 |0 0  |1 0  |2 ddc  |4 0  |6 891_443710000000000_AHM  |7 0  |9 77884  |a BRACUL  |b BRACUL  |c GEN  |d 2025-07-22  |e Donated by Farhana Zahir, Assistant Professor, BRAC Business School  |g 165.00  |l 6  |m 33  |o 891.44371 AHM  |p 3010044482  |q 2026-05-19  |r 2026-03-09  |s 2026-03-09  |t 1  |v 330.00  |w 2025-07-22  |y BK  |x Donated by Farhana Zahir, Assistant Professor, BRAC Business School